[Event "BCF-chT3b 0001 (4NCL)"]
[Site "Birmingham"]
[Date "2000.09.24"]
[Round "2.8"]
[White "Williams, Oliver"]
[Black "Powell, Annie"]
[Result "0-1"]
[WhiteElo "1856"]
[BlackElo "1810"]
[PlyCount "122"]
[EventDate "2000.11.26"]
[EventType "team-tourn"]
[EventRounds "7"]
[EventCountry "ENG"]
[SourceTitle "EXT 2002"]
[Source "ChessBase"]
[SourceDate "2001.11.25"]
[SourceVersion "1"]
[SourceVersionDate "2001.11.25"]
[SourceQuality "1"]
[WhiteTeam "Athenaeum"]
[BlackTeam "Nidum Knights"]
[WhiteTeamCountry "ENG"]
[BlackTeamCountry "ENG"]

1. e4 c5 2. Nf3 d6 3. Bb5+ Bd7 4. Bxd7+ Qxd7 5. Qe2 Nc6 6. c3 Nf6 7. 0-0 e6 8. c4 Be7 9. d3 0-0 10. Nc3 a6 11. b3 Rab8 12. Bb2 Qc7 13. Rae1 Rfd8 14. Nd1 Nd7 15. Ne3 Nde5 16. Nc2 Bf6 17. Bc1 Qa5 18. Bg5 Nxf3+ 19. Qxf3 Bxg5 20. Qe2 Qd2 21. Qxd2 Bxd2 22. Re2 Bg5 23. f4 Bf6 24. Ne3 Bd4 25. Kh1 Bxe3 26. Rxe3 Nd4 27. g4 b5 28. f5 e5 29. Rf2 a5 30. Re1 bxc4 31. dxc4 a4 32. bxa4 Rb4 33. Rc1 Rdb8 34. a3 Rxa4 35. Rc3 h6 36. h4 Rb3 37. Rxb3 Nxb3 38. Rf3 Rxa3 39. Rd3 Ra1+ 40. Kg2 Nd4 41. g5 hxg5 42. hxg5 g6 43. fxg6 fxg6 44. Rc3 Kf7 45. Kf2 Ra2+ 46. Kf1 Ke6 47. Rh3 Re2 48. Rh4 Re3 49. Rh6 Rxe4 50. Rxg6+ Kf5 51. Rxd6 Kxg5 52. Rd5 Nb3 53. Kf2 Kf4 54. Rd3 Nd4 55. Rh3 Re2+ 56. Kf1 Rc2 57. Rh4+ Kg5 58. Re4 Kf5 59. Rh4 Rxc4 60. Rh8 Rc2 61. Rf8+ Ke4 0-1